000 01373nam a2200301Ia 4500
005 20240530110949.0
008 140319s2006 xx 000 0 ara d
020 _a9953820627
040 _aGCL /
_cGCL
082 0 4 _a923.1 /
_bا ا
100 1 _aاحمد الشقيرى
245 1 0 _aاحمد الشقيرى الاعمال الكاملة /
_cتاليف احمد الشقيرى ؛ تقديم انيس صايغ
_pالمذكرات .
_nالمجلد الاول - المجلد الثانى .
_pالكتب والدراسات القومية .
_nالمجلد الثالث - المجلد الرابع .
_pكلمات وخطب .
_nالمجلد الخامس - المجلد السادس .
250 _aالاولى
260 _aبيروت :
_bمركز دراسات الوحدة العربية،
_c2006
300 _a6 مج ص ؛
_c24 سم
490 _aلجنة تخليد ذكرى المجاهد احمد الشقيرى
650 0 4 _aالاحوال السياسية
650 0 4 _aالحركات القومية
650 0 4 _aاحمد الشقيرى
650 0 4 _aالقضية الفلسطينية
650 0 4 _aجامعة الدول العربية
650 0 4 _aالامم المتحدة
650 0 4 _aالمياه
650 0 4 _aالبحار
700 _aانيس صايغ
_eمقدم
942 _2ddc
_cBK
999 _c66966
_d66966